LDR 00659naa#a2200181#i#450# 001 EN\\bibl\120454 005 20260426125126.7 011 ## _a2782-4586 100 ## _a20260331b2026####ek#y0engy0150####ca 102 ## _aRU 200 1# _aReinvestment of available funds when working with state defense orders in the aviation industry _eJournal article 210 1# _aMoscow _cITBO University _d2026 215 ## _a7 с. 608 ## _aJournal article _2local 675 ## _aПолитика. Планирование. Управление. Мероприятия. Средства. 334.02 _z 700 #1 _aRubes _gMatvey Antonovich 700 #1 _aKondrakov _gOleg Viktorovich 856 4# _ajomeam.ru _u